000 01260cam a2200361 i 4500
001 29
003 FISKH
005 20240306084648.0
008 110307s2011 nyua 001 0 eng
010 _a 2011924606
020 _a9780061998164 (trade bdg.)
020 _a9780061998171 (lib. bdg.)
040 _aDLC
_beng
_cDLC
_dDLC
_erda
042 _apcc
050 0 0 _aPS3569
_b.I47224 E94 2011
082 0 0 _a811.54
_223
100 1 _aSilverstein, Shel.
240 1 0 _aPoems.
_kSelections
245 1 0 _aEvery thing on it :
_bpoems and drawings /
_cby Shel Silverstein.
250 _aFirst edition.
260 _aNew York :
_bHarper,
_c2011
300 _a194 pages :
_billustrations ;
_c23 cm
336 _atext
_2rdacontent
337 _aunmediated
_2rdamedia
338 _avolume
_2rdacarrier
500 _aIncludes index.
505 _aO
520 _aThe second original book to be published since Silverstein's passing in 1999, this poetry collection includes more than one hundred and thirty never-before-seen poems and drawings completed by the cherished American artist and selected by his family from his archives.
521 _a610
_bFISKH
521 _a O
_bRaz-Paz
906 _a7
_bcbc
_corignew
_d2
_eepcn
_f20
_gy-gencatlg
942 _2ddc
_cBK
_n0
999 _c29
_d29